000
00252cam a2200097 i 4500
020
_a
9781544375090
100
1
_a
Carlson, Kieth A.,
245
1
3
_a
An introduction to statistics: an active learning approach
250
_a
Third edition.
264
1
_b
SAGE,
_c
[2022]
999
_c
153
_d
153